| 000 | 01241cad a22002415a 4500 | ||
|---|---|---|---|
| 001 | L158593 | ||
| 008 | 121219e2015 xxk 000 0 eng d | ||
| 035 | _a(Sirsi) u158593 | ||
| 041 | 0 | _aeng | |
| 100 | 1 | _aRipper, M. | |
| 245 | 0 | 0 |
_aPutting innovation to work _h[electronic resource] |
| 260 | _c2015 | ||
| 490 |
_aRICS Property Journal _vMay-June 2015, 26-28(3) |
||
| 520 | _aSummarises research on what makes innovative facilities management and how to ensure that fresh thinking is put into practice. | ||
| 520 | _aRelated documents: RICS Strategic facilities management case studies (L158280, L158277), Rising the Bar: Enhancing the strategic role of facilities management (L158285) and Rising the Bar: City roundtables report (L158282). http://www.rics.org/uk/knowledge/research/research-reports/raising-the-bar-enhancing-the-strategic-role-of-facilities-management/ | ||
| 650 | 2 | 4 | _aStrategic Facilities Management |
| 651 | 4 |
_aUnited Kingdom _y |
|
| 690 |
_aFacilities management _96240 |
||
| 700 | 1 | _aHalkyard, Graham | |
| 710 |
_aRoyal Institution of Chartered Surveyors _94900 |
||
| 856 | 4 | 0 |
_uhttps://www.rics.org/uk/news/journals/property-journal _zView the journal free of charge at www.rics.org/journals... |
| 942 | _n0 | ||
| 999 |
_c84630 _d84630 |
||